00769 a2200205 4500003000500000005001700005010001600022020001500038040000900053082001400062100002400076245006200100250001200162260004300174300004400217505024500261650001300506700001900519700002500538Nust20240104112145.0 a 99071986 a0721643205 cNust00a512.1,GRO1 a Shaw Groza,Vivian10aIntermediate algebra / c Vivian Shaw Groza, Gene Sellers a3rd ed. aTorontobW. B. Saunders Companycc1978 axxi, 684, 156 p. :bcol. ill. ;c26 cm. aReview of Basic Techniques (Page-1), Equations and Inequalities (Page-71), Quadratic Equations (Page-127), Relations, Functions, Graphics (Page-200), Exponents and Radicals (Page-294), Logarithms (Page-349), Systems of Equations (Page-400). 0aAlgebra.1 aHeyd, David E.1 aHostetler, Robert P.